[Event "Vellmar Int 4th op  A"]
[Site "Vellmar"]
[Date "2012.07.29"]
[Round "6.26"]
[White "Kanter, Leonid"]
[Black "Cotenescu, Daniel"]
[Result "0-1"]
[WhiteElo "1949"]
[BlackElo "2017"]
[PlyCount "139"]
[EventDate "2012.07.26"]
[EventType "swiss"]
[EventRounds "7"]
[EventCountry "GER"]

{DWZ: 1857 - 1829(geb.1940)} 1. d4 Nf6 2. Nf3 b6 3. c4 e6 4. Nc3 Bb7 5. e3 Bb4
6. Bd2 O-O 7. Bd3 d5 8. cxd5 exd5 9. O-O Nbd7 10. Qc2 Re8 11. a3 Bf8 12. b4 a6
13. Rfb1 Rc8 14. Bf5 g6 15. Bh3 Rb8 16. a4 Bd6 17. b5 a5 18. Bc1 Qe7 19. Qb3
Nf8 20. Ba3 Ne6 21. g3 Red8 22. Ne5 Ng5 23. Bg2 Nge4 24. Rb2 Qe8 25. Bxd6 Rxd6
26. Rc2 Qe7 27. Rac1 Ne8 28. Qa3 Kf8 29. Nxe4 {(=)} dxe4 30. Nc6 Bxc6 31. Rxc6
f5 32. f3 exf3 33. Bxf3 Re6 34. Qxe7+ Rxe7 35. Kf2 Rd8 36. g4 Rd6 37. gxf5 gxf5
38. R6c3 f4 39. exf4 Rxd4 40. Rc4 Rd2+ 41. Kg1 Rg7+ 42. Kh1 Ra2 43. R1c2 Rxc2
44. Rxc2 Nd6 45. Rg2 Rf7 46. Rg4 Re7 47. Bd5 Nf7 48. Bxf7 Kxf7 49. h3 Kf6 50.
Kg2 Re4 51. f5 Rb4 52. Kf3 Rb3+ 53. Kg2 Rb4 54. Kf3 Kxf5 55. Rg7 Rxa4 56. Rxc7
Ra3+ 57. Kg2 Rb3 58. Rxh7 Kg6 59. Ra7 Rxb5 60. Ra8 Rb4 {Notation unklar} 61.
Kf3 a4 62. Ra6 Kh5 63. Ra8 Rb3+ 64. Ke4 a3 65. Ra7 b5 66. Kf5 Kh4 67. Rh7+ Kg3
68. h4 Rb4 69. h5 a2 70. Rg7+ 0-1

[Event "Vellmar Int 4th op  A"]
[Site "Vellmar"]
[Date "2012.07.29"]
[Round "6.27"]
[White "Weber, Andreas"]
[Black "Knoth, Eugen"]
[Result "1/2-1/2"]
[WhiteElo "1881"]
[BlackElo "2019"]
[PlyCount "71"]
[EventDate "2012.07.26"]
[EventType "swiss"]
[EventRounds "7"]
[EventCountry "GER"]

{DWZ: 1714 - 1854} 1. e4 d5 2. d4 c6 3. exd5 Qxd5 4. c4 Qd8 5. Nf3 g6 6. Be3
Bg7 7. Be2 Nf6 8. O-O O-O 9. Qb3 Qb6 10. Rd1 Qxb3 11. axb3 Na6 12. Nc3 Bf5 13.
Nh4 Ne4 14. Nxf5 gxf5 15. f3 Nf6 16. d5 c5 17. Rd2 Ne8 18. Ra5 Nd6 19. Bxc5
Nxc5 20. Rxc5 Bh6 21. Rd3 Bc1 22. Rc7 Bxb2 23. Rxe7 Rfe8 24. Rxe8+ Rxe8 25. Kf1
b6 26. Nd1 Ba3 27. Re3 Rd8 28. g3 Bc5 29. Rc3 Re8 30. Rc2 Kg7 31. Bd3 h5 32.
Re2 Ra8 33. Nc3 Kf6 34. Na4 Bb4 35. Kg2 Rg8 36. Kf2 1/2-1/2

[Event "Vellmar Int 4th op  A"]
[Site "Vellmar"]
[Date "2012.07.29"]
[Round "6.28"]
[White "Wegelin, Reinhard"]
[Black "Schaefer, Annabelle"]
[Result "0-1"]
[WhiteElo "1958"]
[BlackElo "1860"]
[PlyCount "36"]
[EventDate "2012.07.26"]
[EventType "swiss"]
[EventRounds "7"]
[EventCountry "GER"]

{DWZ:  1981(SUI) - 1850(geb.1997)} 1. d4 d5 2. e4 dxe4 3. Nc3 Nf6 4. f3 exf3 5.
Nxf3 e6 6. Bg5 Be7 7. Bd3 Nc6 8. Qd2 a6 9. a3 b5 10. Rd1 Bb7 11. O-O Nxd4 12.
Nxd4 Qxd4+ 13. Kh1 Qg4 14. Ne4 Bxe4 15. Bxe4 Qxe4 16. Bxf6 gxf6 17. Qd7+ Kf8
18. Qxc7 Rg8 0-1

[Event "Vellmar Int 4th op  A"]
[Site "Vellmar"]
[Date "2012.07.29"]
[Round "6.29"]
[White "Mueller, Joachim"]
[Black "Powalla, Christian"]
[Result "1-0"]
[WhiteElo "1956"]
[BlackElo "1784"]
[PlyCount "55"]
[EventDate "2012.07.26"]
[EventType "swiss"]
[EventRounds "7"]
[EventCountry "GER"]

{DWZ: 1674 - 1587} 1. d4 Nf6 2. c4 e5 3. dxe5 Ng4 4. Bf4 Bb4+ 5. Nd2 Nc6 6.
Ngf3 Qe7 7. a3 Bxd2+ 8. Qxd2 Ngxe5 9. Nxe5 Nxe5 10. Qd4 d6 11. e3 O-O 12. Be2
a5 13. O-O Bf5 14. Rac1 Nd7 15. Bf3 Rab8 16. Qd5 Ne5 17. Be2 a4 18. c5 Be6 19.
cxd6 cxd6 20. Qb5 Bb3 21. Rc3 Rfd8 22. Rfc1 Nc6 23. Bc4 Na7 24. Qb6 Nc6 25.
Bxb3 axb3 26. Rxb3 Rdc8 27. Rbc3 Qd7 28. Rd1 1-0

[Event "Vellmar Int 4th op  A"]
[Site "Vellmar"]
[Date "2012.07.29"]
[Round "6.30"]
[White "Hefner, Felix"]
[Black "Schuhmacher, Jakob"]
[Result "0-1"]
[WhiteElo "1847"]
[BlackElo "1945"]
[PlyCount "134"]
[EventDate "2012.07.26"]
[EventType "swiss"]
[EventRounds "7"]
[EventCountry "GER"]

{DWZ: 1740 - 1984(geb.1997)} 1. c4 Nf6 2. Nc3 e5 3. Nf3 d6 4. e3 g6 5. d4 e4 6.
Nd2 Qe7 7. Be2 Bg7 8. O-O O-O 9. f3 exf3 10. Nxf3 c6 11. Bd3 d5 12. cxd5 cxd5
13. Qb3 Be6 14. Ng5 Nc6 15. Nxe6 fxe6 16. Bd2 Ng4 17. h3 Nxd4 18. exd4 Bxd4+
19. Kh1 Nf2+ 20. Rxf2 Bxf2 21. Nxd5 exd5 22. Qxd5+ Qf7 23. Bc4 Qxd5 24. Bxd5+
Kg7 25. Bc3+ Kh6 26. Bxb7 Rad8 27. Rf1 Bg3 28. Bf3 Rfe8 29. Bc6 Re6 30. Bf3
Ree8 31. Bc6 Re2 32. Bf3 Rf2 33. Rc1 Bf4 34. Re1 Rc2 35. Kg1 Rc1 36. Kf1 Rxe1+
37. Kxe1 Re8+ 38. Kd1 Be5 39. Kc2 Bxc3 40. bxc3 Kg5 41. c4 Re3 42. c5 Kf6 43.
c6 Ke7 44. Kc1 Kd6 45. Kc2 g5 46. Kc1 Rxf3 47. gxf3 Kxc6 48. Kc2 Kd5 49. Kd3
Ke5 50. Ke3 h5 51. a4 a5 52. Kd3 Kf4 53. Kc4 Kxf3 54. Kb5 g4 55. hxg4 hxg4 56.
Kxa5 g3 57. Kb6 g2 58. a5 g1=Q+ 59. Kb7 Ke4 60. a6 Kd5 61. a7 Qg7+ 62. Ka6 Qf6+
63. Kb7 Qe7+ 64. Kb6 Qd8+ 65. Kb7 Qd7+ 66. Kb8 Kc6 67. a8=Q+ Kb6 0-1

[Event "Vellmar Int 4th op  A"]
[Site "Vellmar"]
[Date "2012.07.29"]
[Round "6.31"]
[White "Lechnauer, Uwe"]
[Black "Schirra, Maurice"]
[Result "1-0"]
[WhiteElo "1939"]
[BlackElo "1617"]
[PlyCount "85"]
[EventDate "2012.07.26"]
[EventType "swiss"]
[EventRounds "7"]
[EventCountry "GER"]

{DWZ: 1839 - 1603(geb.2001)} 1. e4 e5 2. Nf3 Nf6 3. Bc4 Nxe4 4. Nc3 Nf6 5. Nxe5
d5 6. Bb3 c6 7. O-O Be7 8. d4 O-O 9. Bg5 Nbd7 10. f4 h6 11. Bh4 Re8 12. Qf3 a5
13. a4 Nb6 14. Ne2 Ne4 15. Be1 Rf8 16. Ng3 Nxg3 17. Bxg3 Bh4 18. c3 Bxg3 19.
hxg3 Qf6 20. Bc2 Bf5 21. Bxf5 Qxf5 22. g4 Qf6 23. Qh3 Rad8 24. g5 hxg5 25. fxg5
Qxg5 26. Rf5 Qe7 27. Rh5 g6 28. Rh8+ Kg7 29. Qh7+ Kf6 30. Ng4+ Kf5 31. Rf1+ Ke6
32. Re1+ Kd7 33. Rxe7+ Kxe7 34. Rxf8 Rxf8 35. Ne5 Ke8 36. b3 Nc8 37. Qh3 Nb6
38. b4 axb4 39. cxb4 Ke7 40. a5 Nc8 41. Qd7+ Kf6 42. Qxb7 Kf5 43. Qxc6 1-0

[Event "Vellmar Int 4th op  A"]
[Site "Vellmar"]
[Date "2012.07.29"]
[Round "6.33"]
[White "Sieber, Fiona"]
[Black "Diener, Carolin"]
[Result "1/2-1/2"]
[WhiteElo "1781"]
[BlackElo "1739"]
[PlyCount "64"]
[EventDate "2012.07.26"]
[EventType "swiss"]
[EventRounds "7"]
[EventCountry "GER"]

{DWZ: 1816(geb.2000) - 1659(geb.2000)} 1. e4 e5 2. Nf3 Nc6 3. Bc4 Bc5 4. d3 Nf6
5. O-O h6 6. Be3 Bb6 7. h3 d6 8. c3 O-O 9. Bb3 d5 10. Bxb6 axb6 11. exd5 Nxd5
12. Re1 Nf4 13. d4 exd4 14. cxd4 Qf6 15. Nbd2 Qg6 16. Nh4 Nxh3+ 17. Kf1 Qd3+
18. Re2 Nf4 19. Bc4 Qxd4 20. Re4 Qf6 21. g3 Ne6 22. Rg4 Ng5 23. Rf4 Qd6 24. Qe2
Bh3+ 25. Kg1 Rae8 26. Qh5 Be6 27. Ne4 Nh3+ 28. Kh2 Nxf4 29. Nf6+ Kh8 30. Qf3
Nd4 31. Qd1 Ng6 32. Nxe8 Rxe8 1/2-1/2

[Event "Vellmar Int 4th op  A"]
[Site "Vellmar"]
[Date "2012.07.29"]
[Round "6.34"]
[White "Wuestehube, Harry"]
[Black "Calci, Fiorino"]
[Result "0-1"]
[WhiteElo "1934"]
[BlackElo "2033"]
[PlyCount "106"]
[EventDate "2012.07.26"]
[EventType "swiss"]
[EventRounds "7"]
[EventCountry "GER"]

{DWZ: 1883 - 1811} 1. e4 c5 2. Nc3 Nc6 3. f4 d6 4. Nf3 g6 5. Bb5 Bd7 6. O-O Bg7
7. d3 e6 8. Qe1 Nge7 9. e5 d5 10. Ne2 Nb4 11. Bxd7+ Qxd7 12. Qd1 h5 13. c3 Nbc6
14. d4 c4 15. Be3 Nf5 16. Bf2 Qe7 17. Qd2 b5 18. Rfb1 O-O 19. h3 Rfb8 20. g4
hxg4 21. hxg4 Nh6 22. g5 Nf5 23. Kg2 b4 24. Nh2 Rb6 25. b3 Rab8 26. bxc4 bxc3
27. Nxc3 Rxb1 28. Rxb1 Rxb1 29. Nxb1 dxc4 30. d5 exd5 31. Qxd5 Nxe5 32. Bc5 Qd7
33. Qa8+ Kh7 34. fxe5 Qd3 35. Qb7 Qg3+ 36. Kh1 Qxg5 37. Nf3 Qg4 38. Bf2 Ng3+
39. Bxg3 Qxg3 40. Qe4 Qh3+ 41. Kg1 Bh6 42. Nc3 Qg3+ 43. Kf1 Qh3+ 44. Kg1 Qg3+
45. Kf1 Qh3+ 46. Kf2 Kg7 47. Qxc4 g5 48. Qc6 g4 49. Qf6+ Kg8 50. Ng5 Qh4+ $17 {
#} 51. Kg2 $4 Bxg5 52. Qf5 Qh3+ 53. Kg1 Be3+ 0-1

[Event "Vellmar Int 4th op  A"]
[Site "Vellmar"]
[Date "2012.07.29"]
[Round "7.1"]
[White "Gutman, Lev"]
[Black "Meyner, Hannes"]
[Result "1-0"]
[WhiteElo "2450"]
[BlackElo "2217"]
[PlyCount "71"]
[EventDate "2012.07.26"]
[EventType "swiss"]
[EventRounds "7"]
[EventCountry "GER"]

{DWZ: 2435(GM;geb.1945) - 2098} 1. Nf3 Nf6 2. g3 d5 3. Bg2 e6 4. O-O Be7 5. d4
b5 6. c3 Nbd7 7. a4 b4 8. a5 Rb8 9. Qc2 Ba6 10. Bf4 Nh5 11. Be5 f6 12. Bf4 Nxf4
13. gxf4 Bd6 14. cxb4 Rxb4 15. f5 Qe7 16. Re1 exf5 17. Nc3 Bb7 18. Qxf5 g6 19.
Qc2 f5 20. Ra4 O-O 21. Rxb4 Bxb4 22. Qb3 Kh8 {(=)} 23. Ra1 Rb8 24. Ne5 Bxc3 25.
Nxd7 Qxd7 26. bxc3 a6 27. Rb1 Qe8 28. Qb2 c6 29. c4 Qd8 30. cxd5 cxd5 31. Qb6
Qd7 32. Qf6+ Kg8 33. Qe5 Rd8 34. Rb6 Bc8 35. h4 Re8 36. Bxd5+ 1-0

[Event "Vellmar Int 4th op  A"]
[Site "Vellmar"]
[Date "2012.07.29"]
[Round "7.3"]
[White "Schulz, Karsten"]
[Black "Markgraf, Alexander"]
[Result "0-1"]
[WhiteElo "2342"]
[BlackElo "2489"]
[PlyCount "58"]
[EventDate "2012.07.26"]
[EventType "swiss"]
[EventRounds "7"]
[EventCountry "GER"]

{DWZ: 2292(FM) - 2470(IM)} 1. c4 f5 2. g3 Nf6 3. Bg2 g6 4. Nc3 Bg7 5. d3 {(=)}
d6 6. e4 fxe4 7. dxe4 c5 8. Nge2 Nc6 9. O-O O-O 10. Nd5 Nxd5 11. cxd5 Nd4 12.
Nxd4 Bxd4 13. Qe2 Qb6 14. Kh1 Bd7 15. a4 Qa6 16. Qc2 Bb5 17. Bh6 Bxf1 18. Rxf1
Rf3 19. Qd1 Rxf2 20. Rxf2 Bxf2 21. Qg4 Bd4 22. h4 Kh8 23. Bg5 Qa5 24. Bxe7 Be5
25. Kh2 Qe1 26. Bg5 Qf2 27. Bh6 Qxb2 28. Bf4 Bxf4 29. gxf4 Qf6 0-1

[Event "Vellmar Int 4th op  A"]
[Site "Vellmar"]
[Date "2012.07.29"]
[Round "7.4"]
[White "Rother, Moritz"]
[Black "Hoffmann, Lukas"]
[Result "0-1"]
[WhiteElo "2126"]
[BlackElo "2173"]
[PlyCount "71"]
[EventDate "2012.07.26"]
[EventType "swiss"]
[EventRounds "7"]
[EventCountry "GER"]

{DWZ: 2015 - 2181} 1. e4 d6 2. d4 Nf6 3. Nc3 e5 4. Nf3 Nbd7 5. Bc4 Be7 6. O-O
O-O 7. Re1 exd4 8. Nxd4 Ne5 9. Bf1 c5 10. Nde2 Bg4 11. f4 Nc6 12. Be3 Re8 13.
h3 Be6 14. Ng3 a6 15. a4 Nb4 16. Nce2 Qc7 17. c3 Nc6 18. b3 b5 19. Nc1 c4 20.
b4 d5 21. e5 Nxe5 22. axb5 axb5 23. Rxa8 Rxa8 24. fxe5 Qxe5 25. Bf2 Qxc3 26.
Nce2 Qxb4 27. Nd4 Bc5 28. Kh2 Qa5 29. Qb1 Qb6 30. Rd1 b4 31. Qb2 b3 32. Ra1
Rxa1 33. Qxa1 Qa7 34. Qc3 h5 35. Be2 h4 36. Nxe6 0-1

[Event "Vellmar Int 4th op  A"]
[Site "Vellmar"]
[Date "2012.07.29"]
[Round "7.5"]
[White "Berthold, Andreas"]
[Black "Khudovekov, Stanislav"]
[Result "0-1"]
[WhiteElo "2150"]
[BlackElo "2107"]
[PlyCount "53"]
[EventDate "2012.07.26"]
[EventType "swiss"]
[EventRounds "7"]
[EventCountry "GER"]

{DWZ: 2085 - -(RUS)} 1. d4 e6 2. c4 f5 3. g3 Nf6 4. Bg2 c6 5. Nf3 d5 6. O-O Bd6
7. Bf4 Bxf4 8. gxf4 O-O 9. Nbd2 b6 10. b4 Qd6 11. Ne5 Qxb4 12. Rb1 Qd6 13. Qb3
Ne4 14. Nxe4 fxe4 15. e3 Nd7 16. Rfc1 Nxe5 17. fxe5 Qe7 18. cxd5 cxd5 19. Rb2
Ba6 20. Rbc2 Bc4 21. Rxc4 dxc4 22. Rxc4 Rac8 23. Qc2 Qb7 24. h3 Rxc4 25. Qxc4
Qf7 26. Qc2 Qf5 27. Qxe4 0-1

[Event "Vellmar Int 4th op  A"]
[Site "Vellmar"]
[Date "2012.07.29"]
[Round "7.6"]
[White "Hahn, Markus"]
[Black "Haselhorst, Helmut"]
[Result "1/2-1/2"]
[WhiteElo "2146"]
[BlackElo "2089"]
[PlyCount "107"]
[EventDate "2012.07.26"]
[EventType "swiss"]
[EventRounds "7"]
[EventCountry "GER"]

{DWZ: 2109(geb.1994) - 1985(geb.1948)} 1. d4 Nf6 2. c4 g6 3. Nf3 Bg7 4. Nc3 O-O
5. e4 d6 6. h3 c5 7. d5 e6 8. Bd3 exd5 9. cxd5 b5 10. Bxb5 Nxe4 11. Nxe4 Qa5+
12. Nfd2 Qxb5 13. Nxd6 Qa6 14. N2c4 Nd7 15. O-O Ne5 16. Nxe5 Bxe5 17. Nxc8
Raxc8 {(=)} 18. Qf3 Rfd8 19. Re1 Qd6 20. Bg5 Rd7 21. Rad1 Bxb2 22. Bf4 Qf8 23.
Qg4 Rcd8 24. Bg5 f6 25. Be3 Be5 26. Qc4 Qf7 27. Qxc5 Rxd5 28. Rxd5 Rxd5 29.
Qc8+ Kg7 {(=)} 30. Rb1 Qd7 31. Qc1 h5 32. Bf4 Bxf4 33. Qxf4 g5 34. Qb8 Rd1+ 35.
Rxd1 Qxd1+ 36. Kh2 Qd4 37. Qc7+ Kg6 38. Qc2+ f5 39. Qc6+ Kg7 40. Qc7+ Kg6 41.
Qc6+ Kg7 42. Qb7+ Kg6 43. Qa6+ Kg7 44. Qe2 h4 45. Qe7+ Kg6 46. Qe6+ Qf6 47.
Qg8+ Kh6 48. Qb8 a6 49. a4 Kg6 50. a5 Kf7 51. Qb7+ Ke8 52. Qc7 Kf8 53. Qc5+ Ke8
54. Qc8+ 1/2-1/2

[Event "Vellmar Int 4th op  A"]
[Site "Vellmar"]
[Date "2012.07.29"]
[Round "7.7"]
[White "Braun, Ingram"]
[Black "Rieke, Theo"]
[Result "0-1"]
[WhiteElo "1957"]
[BlackElo "2140"]
[PlyCount "60"]
[EventDate "2012.07.26"]
[EventType "swiss"]
[EventRounds "7"]
[EventCountry "GER"]

{DWZ: 1956 - 2042} 1. e4 g6 2. d4 d6 3. Nc3 Bg7 4. Be3 Nf6 5. h3 c6 6. Nf3 O-O
7. a4 Nbd7 8. Bd3 e5 9. dxe5 dxe5 10. a5 Qe7 11. O-O Nc5 12. Qe2 Nh5 13. Rfd1
Ne6 14. Bc4 Nhf4 15. Qe1 Ng5 16. Nxg5 Qxg5 17. Bxf4 exf4 18. Kh2 f3 19. Bf1
Bxh3 20. g3 Bg4 21. Qd2 Qh5+ 22. Kg1 Be5 23. Qe3 Rfe8 24. Rd2 Re6 25. Rad1 Bc7
26. Rd7 Qxa5 27. b4 Qe5 28. Qd4 Qxd4 29. R1xd4 Be5 30. Rd8+ Kg7 0-1

[Event "Vellmar Int 4th op  A"]
[Site "Vellmar"]
[Date "2012.07.29"]
[Round "7.8"]
[White "Schnegelsberg, Karl Heinz"]
[Black "Hansen, Victor"]
[Result "1-0"]
[WhiteElo "2042"]
[BlackElo "2112"]
[PlyCount "79"]
[EventDate "2012.07.26"]
[EventType "swiss"]
[EventRounds "7"]
[EventCountry "GER"]

{DWZ: 1941 - 2099(NOR)} 1. Nf3 d5 2. g3 Nf6 3. Bg2 c5 4. O-O g6 5. d3 Bg7 6.
Nbd2 O-O 7. e4 e6 8. Re1 Nc6 9. c3 b6 10. e5 Nd7 11. d4 Bb7 12. Nf1 h6 13. h4
Rc8 14. Bf4 cxd4 15. cxd4 Nb4 16. Ne3 a5 17. a3 Nc6 18. Bf1 Qe7 19. Ng4 Kh7 20.
Bd3 Rfe8 21. h5 Qf8 22. hxg6+ fxg6 23. Kg2 Ne7 24. Rh1 Nf5 25. Qd2 h5 26. Ne3
Kg8 27. Nxf5 exf5 28. Ng5 Qe7 29. Nh3 Nf8 30. Bg5 Qf7 31. Nf4 Nh7 32. e6 Qf8
33. Nxg6 Qd6 34. Bxf5 Rc4 35. Rh4 b5 36. Bf4 Qb6 37. Be5 Bc8 38. Bxg7 Kxg7 39.
Rxh5 Nf6 40. Qh6+ 1-0

[Event "Vellmar Int 4th op  A"]
[Site "Vellmar"]
[Date "2012.07.29"]
[Round "7.9"]
[White "Cherny, Andrey"]
[Black "Keil, Roland"]
[Result "1-0"]
[WhiteElo "2253"]
[BlackElo "2024"]
[PlyCount "89"]
[EventDate "2012.07.26"]
[EventType "swiss"]
[EventRounds "7"]
[EventCountry "GER"]

{DWZ: 2220 - 1950} 1. Nf3 d5 2. e3 Nf6 3. b3 c5 4. Bb2 e6 5. c4 dxc4 6. bxc4
Be7 7. Be2 b6 8. O-O O-O 9. d4 Bb7 10. Nc3 Nc6 11. d5 exd5 12. cxd5 Na5 13. e4
c4 14. Qc2 Re8 15. Nd4 Bb4 16. Bf3 Nd7 17. Rad1 Bd6 18. Nf5 Ne5 19. Be2 Ba6 20.
Nb1 Nd3 21. Bxg7 Rxe4 22. Bxd3 cxd3 23. Qb2 h5 24. Rfe1 Re2 25. Qd4 Bc5 {(=)}
26. Qf4 Rxf2 27. Qh6 Rxf5+ 28. Kh1 f6 29. Qh8+ Kf7 30. Qh7 Qg8 31. Qxf5 Kxg7
32. d6 Rf8 33. d7 Qf7 34. Nd2 Bb5 35. Ne4 Bxd7 36. Qf4 Qc4 37. Qg3+ Kh8 38.
Rxd3 Bf5 39. Rc3 Qxa2 40. Nxc5 bxc5 {(=)} 41. Rxc5 Bh7 42. Qc3 Nb3 43. Rxh5 Qd2
44. Qxd2 Nxd2 45. Re7 1-0

[Event "Vellmar Int 4th op  A"]
[Site "Vellmar"]
[Date "2012.07.29"]
[Round "7.10"]
[White "Aslan, Benjamin"]
[Black "Halt, David"]
[Result "1-0"]
[WhiteElo "2156"]
[BlackElo "2109"]
[PlyCount "59"]
[EventDate "2012.07.26"]
[EventType "swiss"]
[EventRounds "7"]
[EventCountry "GER"]

{DWZ: 2238 - 2086} 1. d4 f5 2. g3 Nf6 3. Bg2 d6 4. d5 g6 5. Nh3 c6 6. c4 Bg7 7.
Nf4 Kf7 8. Nc3 Re8 9. O-O Kg8 10. Qb3 e5 11. dxe6 Na6 12. Rd1 Nc5 13. Qa3 Bf8
14. b4 Nxe6 15. b5 Bd7 16. Nxe6 Rxe6 17. Bf4 Ne8 18. Rab1 g5 19. Be3 a6 20.
bxc6 bxc6 21. Qa4 Bg7 22. Rdc1 Rc8 23. Rb7 d5 24. Nxd5 Nd6 25. Rxd7 Qxd7 26.
Nb6 Qe8 27. Nxc8 Nxc8 28. Bxg5 Rxe2 29. Bxc6 Re1+ 30. Kg2 1-0

[Event "Vellmar Int 4th op  A"]
[Site "Vellmar"]
[Date "2012.07.29"]
[Round "7.11"]
[White "Orwatsch, Gerhard"]
[Black "Baciu, Diana"]
[Result "0-1"]
[WhiteElo "2072"]
[BlackElo "2211"]
[PlyCount "118"]
[EventDate "2012.07.26"]
[EventType "swiss"]
[EventRounds "7"]
[EventCountry "GER"]

{DWZ: 1977(geb.1946) - (WFM;MDA;geb.1994)} 1. d4 d5 2. Bf4 Nf6 3. Nf3 c5 4. e3
Nc6 5. c3 Qb6 6. Qc1 Bf5 7. Nbd2 e6 8. Nb3 c4 9. Nbd2 h6 10. h3 Be7 11. Be2 Qd8
12. b4 cxb3 13. axb3 Rc8 14. Qb2 O-O 15. O-O a6 16. Ne5 Nxe5 17. Bxe5 Rc6 18.
c4 Nd7 19. Bg3 Bf6 20. c5 Nxc5 21. b4 Ne4 22. Nxe4 Bxe4 23. Rfc1 Rxc1+ 24. Rxc1
b5 25. Rc6 Qa8 26. Qc1 Be7 27. Bd6 Bxd6 28. Rxd6 Rc8 29. Qa3 Rc6 30. Rxc6 Qxc6
31. f3 Bg6 32. Kf2 f6 33. Qb2 Kf7 34. Ke1 Qc2 35. Qa3 Qc6 36. Qb2 Ke7 37. Qa1
Kd6 38. Qa5 Kd7 39. Qa1 Bc2 40. Kf2 Bb3 41. Bd3 Bc4 42. Bb1 Qd6 43. Qc3 Qh2 44.
Qe1 h5 45. Qg1 Qxg1+ 46. Kxg1 Kc7 47. Kf2 h4 48. g3 hxg3+ 49. Kxg3 a5 50. bxa5
b4 51. h4 b3 52. Kf2 Kc6 53. Ke1 Kb5 54. Kd2 Kxa5 55. Kc3 Ka4 56. Kb2 Be2 57.
f4 Kb4 58. Bg6 Kc4 59. Bh7 Bd3 0-1

[Event "Vellmar Int 4th op  A"]
[Site "Vellmar"]
[Date "2012.07.29"]
[Round "7.12"]
[White "Galkin, Wladislaw"]
[Black "Hagenlueke, Thomas"]
[Result "0-1"]
[WhiteElo "2101"]
[BlackElo "2023"]
[PlyCount "70"]
[EventDate "2012.07.26"]
[EventType "swiss"]
[EventRounds "7"]
[EventCountry "GER"]

{DWZ: 2090(geb.1996) - 1858} 1. c4 e5 2. g3 Nf6 3. Bg2 d5 4. cxd5 Nxd5 5. Nc3
Nb6 6. Nf3 Nc6 7. O-O Be7 8. d3 Be6 9. b3 O-O 10. Bb2 f5 11. Nd2 Nd5 12. Nc4
Bf6 13. Qd2 Re8 14. Ne3 Nxe3 15. Qxe3 Nd4 16. Qd2 Rb8 17. Kh1 c6 18. e3 Nb5 19.
Nxb5 cxb5 20. Rac1 Bd5 21. Rc5 Bxg2+ 22. Kxg2 Qd7 23. Qc2 Rbc8 24. b4 Rxc5 25.
bxc5 a6 26. Qb3+ Qf7 27. f4 exf4 28. Bxf6 gxf6 29. exf4 Qxb3 30. axb3 Re2+ 31.
Rf2 Rxf2+ 32. Kxf2 a5 33. d4 a4 34. bxa4 bxa4 35. d5 Kf7 0-1

[Event "Vellmar Int 4th op  A"]
[Site "Vellmar"]
[Date "2012.07.29"]
[Round "7.13"]
[White "Businger, Paul"]
[Black "Fichte, Wolfgang"]
[Result "1/2-1/2"]
[WhiteElo "2074"]
[BlackElo "1958"]
[PlyCount "62"]
[EventDate "2012.07.26"]
[EventType "swiss"]
[EventRounds "7"]
[EventCountry "GER"]

{DWZ: -(SUI) - 1828(geb.1951)} 1. e4 e6 2. d4 d5 3. Nc3 Nf6 4. e5 Nfd7 5. f4 c5
6. Nf3 Nc6 7. Be3 a6 8. Qd2 b5 9. Ne2 f6 10. c3 Rb8 11. a3 Na5 12. Qc2 Nc4 13.
Bf2 b4 14. dxc5 b3 15. Qc1 Bxc5 16. Ned4 fxe5 17. Bxc4 exd4 18. Bd3 dxc3 19.
Bxc5 Nxc5 20. Qxc3 Nxd3+ 21. Qxd3 Qf6 22. Qd2 O-O 23. g3 Bd7 24. O-O Bb5 25.
Rfe1 Rfe8 26. Rac1 Bc4 27. Ne5 Rbd8 28. Rc3 Qe7 29. Qd4 Qf6 30. Rd1 Rc8 31. Re1
h6 1/2-1/2

[Event "Vellmar Int 4th op  A"]
[Site "Vellmar"]
[Date "2012.07.29"]
[Round "7.14"]
[White "Feicht, Arno"]
[Black "Stabernack, Joschi"]
[Result "1/2-1/2"]
[WhiteElo "2073"]
[BlackElo "1928"]
[PlyCount "134"]
[EventDate "2012.07.26"]
[EventType "swiss"]
[EventRounds "7"]
[EventCountry "GER"]

{DWZ: 1932(geb.1949) - 1859(geb.1995)} 1. e4 e5 2. Nf3 Nf6 3. Bc4 Nxe4 4. Nc3
Nxc3 5. dxc3 f6 6. O-O Nc6 7. Nh4 g6 8. f4 Bc5+ 9. Kh1 Qe7 10. b4 Bd6 11. f5 g5
12. Qh5+ Kd8 13. Bxg5 fxg5 14. f6 Qf8 15. Qxg5 b5 16. Bb3 Bb7 17. Nf5 Kc8 18.
Rad1 Nd8 19. f7 Ne6 20. Qf6 Nf4 21. Rxf4 exf4 22. Rxd6 cxd6 23. Nxd6+ Kc7 24.
Nxb5+ Kc8 25. Qe5 Bxg2+ 26. Kxg2 Kd8 27. Qf6+ Kc8 28. Nd6+ Kc7 29. Nb5+ Kc8 30.
Nd6+ Kc7 31. Ne8+ Rxe8 32. fxe8=N+ Qxe8 33. Qxf4+ d6 34. Qf7+ Qxf7 35. Bxf7 Rf8
36. Bd5 h6 37. a4 a6 38. a5 Rb8 ({oder} 38... Rc8) 39. Kf2 Rf8+ 40. Ke3 Rf5 41.
Bf3 Re5+ 42. Kd4 Re1 43. c4 Rf1 44. Ke3 Rc1 45. Be4 Rb1 46. c3 Rb2 47. h3 Rh2
48. Bf5 Kc6 49. Kd4 Rd2+ 50. Ke3 Rh2 51. Bc8 h5 52. Kd4 Rd2+ 53. Ke3 Rh2 54.
Kf4 Rc2 55. Bxa6 Rxc3 56. h4 Rb3 57. b5+ Kc7 58. Kg5 Ra3 59. Kxh5 Rxa5 60. Kg6
Ra4 61. h5 Kb6 62. h6 Rxc4 63. h7 Rh4 64. Kg7 d5 65. h8=Q Rxh8 66. Kxh8 d4 67.
Bc8 Kxb5 1/2-1/2

[Event "Vellmar Int 4th op  A"]
[Site "Vellmar"]
[Date "2012.07.29"]
[Round "7.15"]
[White "Van Dyck, Marc"]
[Black "Hecht, Carsten"]
[Result "0-1"]
[WhiteElo "1983"]
[BlackElo "2050"]
[PlyCount "86"]
[EventDate "2012.07.26"]
[EventType "swiss"]
[EventRounds "7"]
[EventCountry "GER"]

{DWZ: -(BEL) - 2048(geb.1997)} 1. d4 Nf6 2. Bf4 g6 3. e3 Bg7 4. Nd2 d5 5. Bd3
O-O 6. Ngf3 Nbd7 7. Bg3 b6 8. Ne5 Bb7 9. c3 Nh5 10. f4 Nxe5 11. dxe5 c5 12. Be2
Nxg3 13. hxg3 d4 14. cxd4 cxd4 15. e4 d3 16. Bf3 Qd4 17. Nb3 Qe3+ 18. Kf1 Bxe4
19. Qe1 Qxe1+ 20. Kxe1 Bxf3 21. gxf3 Rfd8 22. Rh2 f6 23. exf6 Bxf6 24. Rd1 Rac8
25. Nc1 d2+ 26. Rhxd2 Rxd2 27. Kxd2 Bxb2 28. Nd3 Bf6 29. Rb1 Kf7 30. Rh1 Kg7
31. Rh2 Rc4 32. Re2 Ra4 33. Kd1 Ra3 34. Ne1 a5 35. Kc1 b5 36. Kb1 b4 37. g4 Kf8
38. Rh2 b3 39. Re2 b2 40. g5 Bg7 41. Rd2 Re3 42. Nc2 Rxf3 43. Nd4 Rf1+ 0-1

[Event "Vellmar Int 4th op  A"]
[Site "Vellmar"]
[Date "2012.07.29"]
[Round "7.16"]
[White "Klueting, Reiner"]
[Black "Roehl, Rainer"]
[Result "1/2-1/2"]
[WhiteElo "2005"]
[BlackElo "2148"]
[PlyCount "50"]
[EventDate "2012.07.26"]
[EventType "swiss"]
[EventRounds "7"]
[EventCountry "GER"]

{DWZ: 1906 - 2090} 1. e4 c5 2. Nf3 g6 3. d4 cxd4 4. c3 Bg7 5. cxd4 d5 6. e5 Nc6
7. Nc3 f6 8. Bb5 a6 9. Qa4 Qd7 10. O-O Rb8 11. Bxc6 bxc6 12. Re1 f5 13. b3 e6
14. Ba3 Bf8 15. Rac1 Nh6 16. Rc2 Nf7 17. Bxf8 Kxf8 18. Qa3+ Qe7 19. Qxe7+ Kxe7
20. Na4 Nd8 21. Nc5 h6 22. h4 Rg8 23. g3 g5 24. hxg5 hxg5 25. Kg2 g4 1/2-1/2